| 000 -LEADER |
| fixed length control field |
00839pab a2200181 454500 |
| 008 - FIXED-LENGTH DATA ELEMENTS--GENERAL INFORMATION |
| fixed length control field |
180718b2004 xxu||||| |||| 00| 0 eng d |
| 100 ## - MAIN ENTRY--PERSONAL NAME |
| Personal name |
Engineer, Asghar Ali |
| 245 ## - TITLE STATEMENT |
| Title |
Minorities and elections: what are the options? |
| 260 ## - PUBLICATION, DISTRIBUTION, ETC. |
| Date of publication, distribution, etc. |
2004 |
| 300 ## - PHYSICAL DESCRIPTION |
| Extent |
p.1378-379. |
| 362 ## - DATES OF PUBLICATION AND/OR SEQUENTIAL DESIGNATION |
| Dates of publication and/or sequential designation |
27 Mar |
| 520 ## - SUMMARY, ETC. |
| Summary, etc. |
The BJP can hardly gain anything by inducting a few Muslim faces into the party fold. After all, it stood by Narendra Modi when his government was involved in the butchery of helpless Muslims in Gujarat in 2002. No Muslim can be convinced that the BJP has given up its `Hindutva' agenda and they will not run the risk of voting it to power. - Reproduced. |
| 650 ## - SUBJECT ADDED ENTRY--TOPICAL TERM |
| Topical term or geographic name entry element |
Minority groups - India - Gujarat |
| 650 ## - SUBJECT ADDED ENTRY--TOPICAL TERM |
| Topical term or geographic name entry element |
Elections - India - Gujarat |
| 650 ## - SUBJECT ADDED ENTRY--TOPICAL TERM |
| Topical term or geographic name entry element |
Elections |
| 773 ## - HOST ITEM ENTRY |
| Main entry heading |
Economic and Political Weekly |
| 909 ## - |
| -- |
60088 |